[Event "Salon de Provence op"]
[Site "Salon de Provence"]
[Date "2023.07.12"]
[Round "7.2"]
[White "Golubka, Petr"]
[Black "Espanet, Fabien"]
[Result "1-0"]
[WhiteElo "2383"]
[BlackElo "1585"]
[PlyCount "86"]
[EventDate "2023.07.08"]
[EventType "swiss"]
[EventRounds "9"]
[EventCountry "FRA"]
[SourceTitle "EXT 2024"]
[Source "ChessBase"]
[SourceDate "2023.10.10"]
[SourceVersion "1"]
[SourceVersionDate "2023.10.10"]
[SourceQuality "1"]

1. e4 e5 2. Nf3 Nf6 3. Nc3 Nc6 4. h3 d5 5. exd5 Nxd5 6. Bb5 Nxc3 7. bxc3 Bd6 8. d4 exd4 9. cxd4 0-0 10. 0-0 Qf6 11. c3 Bf5 12. a4 Rfe8 13. a5 a6 14. Bd3 Bxd3 15. Qxd3 h6 16. Be3 Rad8 17. Rfb1 Rb8 18. Bd2 Ne7 19. Rb2 Ng6 20. Rab1 Nf4 21. Bxf4 Qxf4 22. g3 Qe4 23. Qxe4 Rxe4 24. Rxb7 Rxb7 25. Rxb7 Re2 26. c4 Ra2 27. c5 Bf8 28. Ne5 Be7 29. Nc6 Bf6 30. Rxc7 Rd2 31. Rc8+ Kh7 32. Ra8 Bxd4 33. Nxd4 Rxd4 34. Rxa6 Rc4 35. Rc6 Ra4 36. a6 Ra5 37. f4 f6 38. Kf2 Kg6 39. Ke3 Ra3+ 40. Ke4 Rxg3 41. a7 Ra3 42. Rc7 f5+ 43. Ke5 Ra5 1-0